Air pollution / (Record no. 125746)

MARC details
000 -LEADER
fixed length control field 00749nam a22002537a 4500
003 - CONTROL NUMBER IDENTIFIER
control field 0
005 - DATE AND TIME OF LATEST TRANSACTION
control field 20180724153742.0
008 - FIXED-LENGTH DATA ELEMENTS--GENERAL INFORMATION
fixed length control field 0
010 ## - LIBRARY OF CONGRESS CONTROL NUMBER
LC control number B-158616
020 ## - INTERNATIONAL STANDARD BOOK NUMBER
International Standard Book Number 8176488313
Terms of availability 00.00
035 ## - SYSTEM CONTROL NUMBER
System control number B-158616, B-158617
037 ## - SOURCE OF ACQUISITION
Source of stock number/acquisition Cen Lib/Ret
040 ## - CATALOGING SOURCE
Original cataloging agency DPL
Language of cataloging EN
Transcribing agency 0
082 ## - DEWEY DECIMAL CLASSIFICATION NUMBER
Classification number 363.7392
Item number AGA
100 ## - MAIN ENTRY--PERSONAL NAME
Personal name Agarwal, S. K.
9 (RLIN) 15371
245 ## - TITLE STATEMENT
Title Air pollution /
Statement of responsibility, etc by S.K. Agarwal
260 ## - PUBLICATION, DISTRIBUTION, ETC. (IMPRINT)
Place of publication, distribution, etc New Delhi
Name of publisher, distributor, etc APH Publishing House
Date of publication, distribution, etc 2005
270 ## - ADDRESS
Address 5, Dariya Ganj, Ansari Road
City New Delhi
Postal code 110002
300 ## - PHYSICAL DESCRIPTION
Extent viii, 323p.
Dimensions 21cm(Hb)
500 ## - GENERAL NOTE
General note Includes bibliographical references and index
650 ## - SUBJECT ADDED ENTRY--TOPICAL TERM
Topical term or geographic name as entry element Air--Pollution
Geographic subdivision India
9 (RLIN) 15372
650 ## - SUBJECT ADDED ENTRY--TOPICAL TERM
Topical term or geographic name as entry element Polution effects
9 (RLIN) 15373
942 ## - ADDED ENTRY ELEMENTS (KOHA)
Source of classification or shelving scheme Dewey Decimal Classification
Koha item type English Books
Classification part 363.7392
Call number suffix AGA
Holdings
Withdrawn status Lost status Damaged status Not for loan Home library Current library Date acquired Source of acquisition Cost, normal purchase price Total Checkouts Full call number Barcode Date last seen Date checked out Copy number Cost, replacement price Price effective from Koha item type Source of classification or shelving scheme Collection code
        Central Library Central Library 23/06/2015 Cen Lib/Ret 0.00 1 363.7392 AGA B-158616 07/12/2018 11/11/2018 1 0.00 23/06/2015 English Books    
        Patel Nagar Patel Nagar 24/07/2018 BPPD/PUB 0.00   363.7392 AGA B-158617 24/07/2018     0.00 24/07/2018 English Books Dewey Decimal Classification Non-fiction

© Delhi Public Library
Hit Counter
free hit counter